Rural studio: Samuel Mockbee and an architecture of decency

Gespeichert in:
Bibliographische Detailangaben
1. Verfasser: Dean, Andrea Oppenheimer (VerfasserIn)
Format: Buch
Sprache:Englisch
Veröffentlicht: Nueva York Princeton Architectural 2002
Schlagworte:
Tags: Tag hinzufügen
Keine Tags, Fügen Sie den ersten Tag hinzu!

MARC

LEADER 00000nam a2200000 a 4500
001 UCK9011
003 CL-VaPUC
008 060413e20020000US |||||||||||||||||eng|d
020 |a 1568982925 
082 0 4 |a 711.58  |b DEA  |2 21 
100 0 |a Dean, Andrea Oppenheimer  |e author  |9 498740 
245 1 0 |a Rural studio: Samuel Mockbee and an architecture of decency 
300 |a 185 p 
942 |c BK 
945 |d 20060413 00:00:00  |a cmena 
260 |a Nueva York  |b Princeton Architectural  |c 2002 
650 0 |a Planificación urbana   |9 258176 
650 0 |a Zonas rurales  |9 317366 
650 0 |a Diseño arquitectónico   |9 265271 
583 |a last modification  |c 20060413 00:00:00  |k Rodrigo Vera 
999 |c 316364  |d 316362 
952 |0 0  |1 0  |4 0  |6 711_580000000000000_DEA_2002  |7 0  |8 A  |9 390675  |a BIBARQ  |b BIBARQ  |d 2019-11-22  |i 4183487  |o 711.58 DEA 2002  |p 4183487  |r 2025-01-20  |w 2019-11-22  |y BK  |k ARQ